Catálogo
 En Linea

Resultados electorales 2020 : (Registro nro. 59872)

Detalles MARC
000 -CABECERA
campo de control de longitud fija 02480nam a2200337 i 4500
003 - IDENTIFICADOR DEL NÚMERO DE CONTROL
campo de control DO-SdBNP
005 - FECHA Y HORA DE LA ÚLTIMA TRANSACCIÓN
campo de control 20251001085958.0
007 - CAMPO FIJO DE DESCRIPCIÓN FÍSICA--INFORMACIÓN GENERAL
campo de control de longitud fija ta
008 - DATOS DE LONGITUD FIJA--INFORMACIÓN GENERAL
campo de control de longitud fija 250910b2021 dr abc|| |||| 00| 0 spa d
040 ## - FUENTE DE LA CATALOGACIÓN
Centro catalogador/agencia de origen DO-SdBNP
Lengua de catalogación spa
Centro/agencia transcriptor BNPHU
Normas de descripción rda
041 ## - CÓDIGO DE LENGUA
Código de lengua del texto/banda sonora o título independiente spa
082 #4 - NÚMERO DE LA CLASIFICACIÓN DECIMAL DEWEY
Número de clasificación 324.697293
Número de documento/Ítem R426r 2020
Número de edición 22
110 2# - ENTRADA PRINCIPAL--NOMBRE DE ENTIDAD CORPORATIVA
Nombre de entidad corporativa o nombre de jurisdicción como elemento de entrada República Dominicana.
Unidad subordinada Junta Central Electoral
9 (RLIN) 64605
245 10 - MENCIÓN DE TÍTULO
Título Resultados electorales 2020 :
Resto del título elecciones extraordinarias generales municipales del 15 de marzo del 2020. elecciones extraordinaria generales presidenciales, senatoriales y de diputaciones del 5 de julio del 2020 /
Mención de responsabilidad, etc. presentación, Román Andrés Jáquez Liranzo ; edición y coordinación, Mario E. Núñez Valdez ; diseño, maquetación y arte final, Dioni H. Peña De León ; diseño portada, Gabriel Peña Pérez ; revisión, Jorge Luis Capellán.<br/><br/>
264 #4 - PRODUCCIÓN, PUBLICACIÓN, DISTRIBUCIÓN, FABRICACIÓN Y COPYRIGHT
Producción, publicación, distribución, fabricación y copyright Santo Domingo, República Dominicana :
Nombre del de productor, editor, distribuidor, fabricante Junta Central Electoral,
Fecha de producción, publicación, distribución, fabricación o copyright ©2021.
300 ## - DESCRIPCIÓN FÍSICA
Extensión 583 páginas :
Otras características físicas ilustraciones, fotografías, graficas, mapas ;
Dimensiones 35 cm.
336 ## - TIPO DE CONTENIDO
Término de tipo de contenido texto
Código de tipo de contenido txt
Fuente rdacontent
337 ## - TIPO DE MEDIO
Nombre/término del tipo de medio sin mediación
Código del tipo de medio n
Fuente rdamedia
338 ## - TIPO DE SOPORTE
Nombre/término del tipo de soporte volumen
Código del tipo de soporte nc
Fuente rdacarrier
505 ## - NOTA DE CONTENIDO CON FORMATO
Nota de contenido con formato Resultados electorales 2020, iii -- Visión, v -- Misión, v -- Presentación, ii -- Boletín de los niveles presidencial, senatorial, de diputaciones, en el exterior y municipales,1 -- Mapas de los niveles municipal y congresional, 13 -- Estadísticas del proceso electoral, 17 -- Detalles del nivel municipal con alianzas y sin alianzas de partidos políticos, 27 -- Detalle del nivel presidencial con alianzas y sin alianzas de partidos políticos, 89 -- Detalle del nivel senatorial con alianzas y sin alianzas y partidos políticos, 117 -- Detalle del nivel de diputaciones con alianzas y sin alianzas y partidos políticos, 141 -- Detalle de diputadas en el exterior, 169 -- Resultados del nivel municipal por demarcaciones, 177
590 ## - NOTA LOCAL (RLIN)
Nota local Inventariado, 2025 /LP
650 #1 - PUNTO DE ACCESO ADICIONAL DE MATERIA--TÉRMINO DE MATERIA
Término de materia o nombre geográfico como elemento de entrada Resultados de elecciones
9 (RLIN) 88649
Subdivisión cronológica 2020
Subdivisión geográfica República Dominica
650 #1 - PUNTO DE ACCESO ADICIONAL DE MATERIA--TÉRMINO DE MATERIA
Término de materia o nombre geográfico como elemento de entrada Presidentes
9 (RLIN) 84055
Subdivisión general Elección
Subdivisión cronológica 2020
Subdivisión geográfica República Dominica
700 1# - PUNTO DE ACCESO ADICIONAL--NOMBRE DE PERSONA
Nombre de persona Jáquez Liranzo, Ramón Andrés
Término indicativo de función/relación presentador
Código de función/relación pr.
9 (RLIN) 88616
700 1# - PUNTO DE ACCESO ADICIONAL--NOMBRE DE PERSONA
Nombre de persona Núñez Valdez, Mario E.
Término indicativo de función/relación coordinador
Código de función/relación coord.
9 (RLIN) 88617
700 1# - PUNTO DE ACCESO ADICIONAL--NOMBRE DE PERSONA
Nombre de persona Peña De León, Dioni H.
Término indicativo de función/relación diseño
Código de función/relación dis.
9 (RLIN) 88621
700 1# - PUNTO DE ACCESO ADICIONAL--NOMBRE DE PERSONA
Nombre de persona Peña Pérez, Gabriel,
Término indicativo de función/relación diseño portada,
Código de función/relación dis.
9 (RLIN) 88622
700 1# - PUNTO DE ACCESO ADICIONAL--NOMBRE DE PERSONA
Nombre de persona Jorge Luis Capellán,
Término indicativo de función/relación revisado
Código de función/relación rev.
9 (RLIN) 88623
910 ## - DATOS DE OPCIÓN DEL USUARIO (OCLC)
Datos de opción del usuario LP. Validado. Control de calidad/MAA
942 ## - ELEMENTOS DE PUNTO DE ACCESO ADICIONAL (KOHA)
Fuente del sistema de clasificación o colocación Dewey Decimal Classification
Tipo de ítem Koha Libro
Existencias
Estado de retiro Estado de pérdida Fuente del sistema de clasificación o colocación Restricciones de uso No para préstamo Código de colección Localización permanente Ubicación/localización actual Ubicación en estantería Fecha de adquisición Fuente de adquisición Total de préstamos Signatura topográfica completa Código de barras Fecha visto por última vez Precio válido a partir de Tipo de ítem Koha Número de copia
    Dewey Decimal Classification Excluido de préstamo   Patrimonio Dominicano Biblioteca Nacional Pedro Henríquez Ureña Biblioteca Nacional Pedro Henríquez Ureña Depósito 08.11.2023 Donado por Junta Central Electoral   BNPHU PD 324.697293 R426re 2020 2025-9873 10.09.2025 10.09.2025 Libro  
    Dewey Decimal Classification Excluido de préstamo   Patrimonio Dominicano Biblioteca Nacional Pedro Henríquez Ureña Biblioteca Nacional Pedro Henríquez Ureña Depósito 08.11.2023 Donado por Junta Central Electoral   BNPHU PD 324.697293 R426re 2020 2025-9874 10.09.2025 10.09.2025 Libro e.2
    Dewey Decimal Classification Préstamo en sala   Dominicana de Servicio Biblioteca Nacional Pedro Henríquez Ureña Biblioteca Nacional Pedro Henríquez Ureña Depósito 08.11.2023 Donado por Junta Central Electoral   BNPHU DS 324.697293 R426re 2020 2025-9875 10.09.2025 10.09.2025 Libro e.3
    Dewey Decimal Classification Préstamo en sala   Dominicana de Servicio Biblioteca Nacional Pedro Henríquez Ureña Biblioteca Nacional Pedro Henríquez Ureña Depósito 08.11.2023 Donado por Junta Central Electoral   BNPHU DS 324.697293 R426re 2020 2025-9876 10.09.2025 10.09.2025 Libro e.4
    Dewey Decimal Classification Préstamo en sala   Dominicana de Servicio Biblioteca Nacional Pedro Henríquez Ureña Biblioteca Nacional Pedro Henríquez Ureña Depósito 08.11.2023 Donado por Junta Central Electoral   BNPHU DS 324.697293 R426re 2020 2025-9877 10.09.2025 10.09.2025 Libro e.5

Con tecnología Koha